00896nam a2200217 i 4500003000900000005001700009007000300026008004100029040003000070082002000100100002800120245010700148264003800255300004300293336002700336337003300363338002800396500018000424500003300604700004100637DO-SdBNP20230801092002.0ta230601b1985 dr a|||| |||| 00| 0 spa d aDO-SdBNPbspacBNPHUerda 4axxxxbR892e222 aRoyuela, José Antonio10aEspañol estructural :b2do. curso de primaria /cJosé Antonio Royuela, Ynés Constanzo Martínez 4aSanto Domingo :bColegial,c1985. a142 páginas ;bilustracionesc25 cm. 2rdacontentatextobtxt 2rdamediaasin mediaciónbn 2rdacarrieravolumenbnc aLibro aprobado como texto básico para 2do. curso del nivel primario, por la Secretaria de Educación Bellas Artes y Curtos; según oficio 7041 de fecha 5 de julio de 1984. aNueva edición actualizada.12aConstanzo Martínez, YnéseAutora